00633nam a2200229 a 4500001001300000003000900013005001700022008004100039020001000080082001500090100002700105245002000132260004500152300000900197500003500206505001000241700002700251902000800278942000700286952009500293999001500388nice12345678IN_TiNIC20260116012151.0080211s1949 lona grp 000 0 eng  ac10000a133.1bSTE aSteven, William Oliver aUnbidden Guests aLondonbGeorge Allen and Unwin Ltdc1949 a322p aincludes index and biblioraphy2 aIndex1 aSteven, William Oliver bSRS cBK 00104070aHMIbHMId2008-02-11g100.00l0o133.1 STEp5863r2008-02-11w2026-01-16yARB c5913d5913